Giving : (Record no. 2330)
[ view plain ]
| 000 -LEADER | |
|---|---|
| fixed length control field | 00873cam a2200193 a 4500 |
| 020 ## - INTERNATIONAL STANDARD BOOK NUMBER | |
| ISBN | 9780307266743 |
| 050 00 - CALL NUMBER | |
| Classification number | HN18 |
| Item number | .C61 |
| 100 1# - AUTHOR | |
| Personal name | Clinton, Bill, |
| 245 10 - TITLE | |
| Title | Giving : |
| Remainder of title | how each of us can change the world / |
| Statement of responsibility, etc | Bill Clinton. |
| 250 ## - EDITION | |
| Edition statement | 1st ed. |
| 260 ## - PUBLICATION INFORMATION | |
| Place of publication | New York : |
| Name of publisher | Knopf, |
| Year of publication | c2007. |
| 300 ## - DESCRIPTION | |
| Number of Pages | xiii, 240 p. |
| Other physical details | ill. ; |
| Dimensions | 25 cm. |
| 500 ## - NOTES | |
| General note | "Borzoi book." |
| 505 ## - FORMATTED CONTENTS NOTE | |
| Table of Content | Explosion of private citizens doing public good --<br/>Giving money --<br/>Giving time --<br/>Giving things --<br/>Giving skills --<br/>Gifts of reconciliation and new beginnings --<br/>Gifts that keep on giving --<br/>Model gifts --<br/>giving to good ideas --<br/>Organizing markets for the public good --<br/>Nonprofit markets can be organized too --<br/>What about government? --<br/>How much should you give and why? |
| 650 #0 - SUBJECTS | |
| Topical Term | Social action. |
| 650 #0 - SUBJECTS | |
| Topical Term | Generosity. |
| 650 #0 - SUBJECTS | |
| Topical Term | Voluntarism. |
| 942 ## - ADDED ENTRY ELEMENTS (KOHA) | |
| Koha item type | Books |
| Withdrawn status | Lost status | Collection code | Home library | Current library | Shelving location | Date acquired | Full call number | Accession Number | Copy number | Koha item type |
|---|---|---|---|---|---|---|---|---|---|---|
| Reference | Methodist University Library Main | Methodist University Library Main | General Stacks | HN18 .C61 | 4085 | 1 | Books |